[Event "Catanzaro Province-ch"]
[Site "Catanzaro"]
[Date "2013.01.19"]
[Round "3"]
[White "Bellisario, Carlo"]
[Black "Olivo, Paolo"]
[Result "1/2-1/2"]
[WhiteElo "1589"]
[BlackElo "1772"]
[PlyCount "44"]
[EventDate "2013.01.18"]
[EventType "swiss"]
[EventRounds "5"]
[EventCountry "ITA"]
[SourceTitle "EXT 2014"]
[Source "ChessBase"]
[SourceDate "2013.11.20"]
[SourceVersion "1"]
[SourceVersionDate "2013.11.20"]
[SourceQuality "1"]

1. c4 g6 2. Nc3 Bg7 3. g3 Nf6 4. Bg2 0-0 5. e3 e6 6. Nge2 c6 7. 0-0 d5 8. cxd5 cxd5 9. d4 Nc6 10. f4 Rb8 11. Rb1 b5 12. b4 a6 13. a3 Nd7 14. Qb3 Nb6 15. Nd1 Nc4 16. Nb2 Nd6 17. Bd2 Ne4 18. Bxe4 dxe4 19. Rbc1 Bb7 20. Rfd1 Ne7 21. Nc3 Qd7 22. Qc2 Rbc8 1/2-1/2

[Event "Amantea op-B 9th"]
[Site "Amantea"]
[Date "2011.09.07"]
[Round "4"]
[White "Caporale, Giuseppe Guido"]
[Black "Olivo, Paolo"]
[Result "1-0"]
[WhiteElo "1752"]
[BlackElo "1815"]
[PlyCount "116"]
[EventDate "2011.09.04"]
[EventType "swiss"]
[EventRounds "8"]
[EventCountry "ITA"]
[SourceTitle "EXT 2014"]
[Source "ChessBase"]
[SourceDate "2013.11.20"]
[SourceVersion "1"]
[SourceVersionDate "2013.11.20"]
[SourceQuality "1"]

1. e4 c5 2. Nf3 d6 3. d4 cxd4 4. Nxd4 Nf6 5. Nc3 a6 6. Bc4 e6 7. 0-0 Qc7 8. Qe2 Nc6 9. Nxc6 bxc6 10. f4 Be7 11. Kh1 d5 12. exd5 cxd5 13. Bd3 0-0 14. Be3 Bb7 15. Bd4 Nd7 16. Qh5 h6 17. Rae1 Bf6 18. Be5 Qd8 19. Nd1 Nxe5 20. fxe5 Bg5 21. Nf2 g6 22. Qh3 h5 23. Qf3 Rb8 24. b3 Qe7 25. Nh3 Bh6 26. Qg3 Bc6 27. a4 Rb4 28. Nf4 Qg5 29. Qxg5 Bxg5 30. Nh3 Bh6 31. Bxa6 Bd7 32. Bd3 Kg7 33. Rf3 f5 34. exf6+ Rxf6 35. Rxf6 Kxf6 36. Rf1+ Kg7 37. Re1 Kf6 38. Rf1+ Kg7 39. Re1 Bd2 40. Re2 Bh6 41. Ng1 Bg5 42. Nf3 Bf6 43. Ne5 Bxe5 44. Rxe5 Kf6 45. Re1 e5 46. Rf1+ Kg7 47. a5 e4 48. Be2 Rd4 49. Rd1 Rxd1+ 50. Bxd1 Kf6 51. Be2 Ke5 52. c3 Kf4 53. Kg1 Ke3 54. Ba6 Bc6 55. b4 Kd2 56. b5 Ba8 57. b6 e3 58. Bb5 Bc6 1-0

[Event "Crotone Province-ch"]
[Site "Crotone"]
[Date "2010.03.04"]
[Round "4"]
[White "Olivo, Paolo"]
[Black "Frontera, Domenico"]
[Result "1-0"]
[WhiteElo "1676"]
[BlackElo "1753"]
[PlyCount "103"]
[EventDate "2010.02.27"]
[EventType "swiss"]
[EventRounds "6"]
[EventCountry "ITA"]
[SourceTitle "EXT 2024"]
[Source "ChessBase"]
[SourceDate "2023.10.10"]
[SourceVersion "1"]
[SourceVersionDate "2023.10.10"]
[SourceQuality "1"]

1. e4 c5 2. Nf3 a6 3. d4 cxd4 4. Nxd4 e5 5. Nf5 d5 6. Ng3 d4 7. c3 Nc6 8. cxd4 Bb4+ 9. Bd2 Qxd4 10. Bxb4 Qxd1+ 11. Kxd1 Nxb4 12. Nc3 Be6 13. Nf5 Bxf5 14. exf5 Ne7 15. a3 0-0-0+ 16. Kc1 Nd3+ 17. Bxd3 Rxd3 18. g4 h5 19. Kc2 Rd4 20. Rae1 f6 21. g5 Nxf5 22. gxf6 gxf6 23. Re4 Rhd8 24. Rxd4 Nxd4+ 25. Kd3 f5 26. Ke3 Rg8 27. f4 Nc2+ 28. Kd3 Nd4 29. fxe5 Nf3 30. e6 Kd8 31. Nd5 Rg2 32. Ke3 Ng5 33. e7+ Ke8 34. Rc1 f4+ 35. Kxf4 Ne6+ 36. Kf3 Rg8 37. Nf6+ Kxe7 38. Nxg8+ Kf7 39. Rg1 Nc5 40. Nh6+ Kf6 41. Rg2 Nd3 42. Ke4 Nc5+ 43. Kd5 Nd3 44. Kd6 Ne1 45. Ng8+ Kf7 46. Rg3 h4 47. Rg4 h3 48. Ne7 Nd3 49. b3 Kf6 50. Rg3 Nf4 51. Nd5+ Nxd5 52. Kxd5 1-0

[Event "Crotone Province-ch"]
[Site "Crotone"]
[Date "2010.02.27"]
[Round "1"]
[White "Olivo, Paolo"]
[Black "Morelli, Gaetano"]
[Result "1-0"]
[WhiteElo "1676"]
[BlackElo "1879"]
[PlyCount "97"]
[EventDate "2010.02.27"]
[EventType "swiss"]
[EventRounds "6"]
[EventCountry "ITA"]
[SourceTitle "EXT 2024"]
[Source "ChessBase"]
[SourceDate "2023.10.10"]
[SourceVersion "1"]
[SourceVersionDate "2023.10.10"]
[SourceQuality "1"]

1. e4 e5 2. Nf3 Nf6 3. Nxe5 d6 4. Nf3 Nxe4 5. Qe2 Qe7 6. d3 Nf6 7. Bg5 Be6 8. Nc3 Nc6 9. g3 g6 10. Bg2 Bg7 11. 0-0 Qd7 12. Rfe1 0-0 13. Qd2 Ng4 14. d4 d5 15. h3 Nf6 16. Kh2 a6 17. Ne5 Qd6 18. Bf4 Qb4 19. Nxc6 bxc6 20. Rab1 Ne8 21. Red1 Nd6 22. a3 Qb7 23. b3 Rfe8 24. Na4 Nb5 25. Nc5 Qb6 26. Be3 Nxa3 27. Ra1 Nb5 28. Nxe6 fxe6 29. c4 Na7 30. Rdb1 Qb7 31. Ra4 Nc8 32. Rb4 Qa7 33. c5 e5 34. Bf1 exd4 35. Bxd4 Bxd4 36. Qxd4 Re4 37. Qc3 Rxb4 38. Qxb4 a5 39. Qc3 a4 40. bxa4 Qxa4 41. Re1 Kf7 42. Qf3+ Kg7 43. Re6 Qd4 44. Rxc6 Qe5 45. Qg4 Ra2 46. Kg1 Qe1 47. Rxc7+ Ne7 48. Qd4+ Kh6 49. Qh4+ 1-0

[Event "Filadelfia op 1st"]
[Site "Filadelfia"]
[Date "2009.12.05"]
[Round "1"]
[White "Costantino, Gregorio"]
[Black "Olivo, Paolo"]
[Result "0-1"]
[WhiteElo "1413"]
[BlackElo "1679"]
[PlyCount "50"]
[EventDate "2009.12.05"]
[EventType "swiss"]
[EventRounds "7"]
[EventCountry "ITA"]
[SourceTitle "EXT 2012"]
[Source "ChessBase"]
[SourceDate "2011.11.24"]
[SourceVersion "1"]
[SourceVersionDate "2011.11.24"]
[SourceQuality "1"]

1. Nf3 Nf6 2. d3 b6 3. e4 d6 4. Be2 e5 5. Nbd2 Be7 6. c3 0-0 7. 0-0 Re8 8. Qc2 Nbd7 9. b4 a5 10. Bb2 c6 11. a3 a4 12. Nc4 Ba6 13. Ncd2 b5 14. Rfe1 Nf8 15. Bf1 Ng6 16. d4 Qd7 17. dxe5 dxe5 18. Qd3 Qg4 19. Qe3 Nf4 20. Kh1 Red8 21. Rad1 Qh5 22. Bc1 c5 23. Bb2 Ng4 24. bxc5 Nxe3 25. Rxe3 Bxc5 0-1

[Event "Bagnara Calabra op-B"]
[Site "Bagnara Calabra"]
[Date "2009.01.05"]
[Round "6"]
[White "Ceravolo, Alberto"]
[Black "Olivo, Paolo"]
[Result "0-1"]
[WhiteElo "1652"]
[BlackElo "1607"]
[PlyCount "55"]
[EventDate "2009.01.02"]
[EventType "swiss"]
[EventRounds "7"]
[EventCountry "ITA"]
[SourceTitle "CBM 128 Extra"]
[Source "ChessBase"]
[SourceDate "2009.03.05"]
[SourceVersion "2"]
[SourceVersionDate "2009.03.25"]
[SourceQuality "1"]

1. c4 Nf6 2. d4 d5 3. g3 dxc4 4. Na3 Bf5 5. Bg2 Nc6 6. Bxc6+ bxc6 7. Nxc4 Qd5 8. f3 Qxc4 9. e4 Bg6 10. Ne2 Rd8 11. Be3 e5 12. 0-0 exd4 13. Rc1 Qxa2 14. Bf4 d3 15. Nc3 Qxb2 16. Bxc7 Bc5+ 17. Kh1 0-0 18. Na4 Qe2 19. Nxc5 Rc8 20. Be5 Nd5 21. Qxd3 Qxd3 22. Nxd3 Rfe8 23. Rfe1 Nb6 24. Bf4 f6 25. Be3 Re7 26. Nb4 Be8 27. Rc2 Rec7 28. Rec1 0-1

[Event "Bagnara Calabra op-B"]
[Site "Bagnara Calabra"]
[Date "2009.01.05"]
[Round "5"]
[White "Olivo, Paolo"]
[Black "Ielapi, Gianbattista"]
[Result "0-1"]
[WhiteElo "1607"]
[BlackElo "1752"]
[PlyCount "86"]
[EventDate "2009.01.02"]
[EventType "swiss"]
[EventRounds "7"]
[EventCountry "ITA"]
[SourceTitle "CBM 128 Extra"]
[Source "ChessBase"]
[SourceDate "2009.03.05"]
[SourceVersion "2"]
[SourceVersionDate "2009.03.25"]
[SourceQuality "1"]

1. e4 e5 2. Nf3 Nc6 3. Bc4 Bc5 4. c3 Nf6 5. d4 Bb6 6. Bg5 d6 7. 0-0 0-0 8. dxe5 dxe5 9. Qxd8 Rxd8 10. Bxf6 gxf6 11. h3 Na5 12. Be2 Be6 13. Nbd2 Nc6 14. Nc4 Kf8 15. Nxb6 axb6 16. b3 Ke7 17. Rfd1 Rxd1+ 18. Bxd1 b5 19. Nd2 b4 20. cxb4 Nxb4 21. a3 Nc6 22. a4 f5 23. Rc1 Rd8 24. exf5 Bxf5 25. Nc4 f6 26. g4 Be6 27. Kf1 Rd3 28. f3 b6 29. Ke2 Rd7 30. Ke3 Nd4 31. h4 h6 32. f4 Bxc4 33. bxc4 c5 34. fxe5 fxe5 35. g5 Kd6 36. g6 Nf5+ 37. Kf2 Nxh4 38. Bc2 Ke6 39. Ke2 Kf6 40. Rb1 Rd6 41. Rh1 Nxg6 42. Rxh6 Kg5 43. Rh3 Nf4+ 0-1

[Event "Bagnara Calabra op-B"]
[Site "Bagnara Calabra"]
[Date "2009.01.02"]
[Round "1"]
[White "Olivo, Paolo"]
[Black "Attina, Rodolfo"]
[Result "1-0"]
[WhiteElo "1607"]
[BlackElo "1398"]
[PlyCount "87"]
[EventDate "2009.01.02"]
[EventType "swiss"]
[EventRounds "7"]
[EventCountry "ITA"]
[SourceTitle "CBM 128 Extra"]
[Source "ChessBase"]
[SourceDate "2009.03.05"]
[SourceVersion "2"]
[SourceVersionDate "2009.03.25"]
[SourceQuality "1"]

1. e4 e5 2. Nf3 Nc6 3. Bc4 Be7 4. c3 a6 5. d4 d6 6. h3 Bf6 7. a4 Na5 8. Ba2 Bd7 9. d5 b5 10. b4 Nb7 11. a5 c6 12. c4 c5 13. cxb5 Bxb5 14. Nc3 Qd7 15. Nxb5 Qxb5 16. Rb1 Qd7 17. Bb3 Ke7 18. Ba4 Qc7 19. Bc6 Rb8 20. Bd2 cxb4 21. Rxb4 Nc5 22. Rxb8 Qxb8 23. Qc2 Nh6 24. 0-0 Rd8 25. Nh2 Kf8 26. g4 Be7 27. f4 Qa7 28. Be3 exf4 29. Bxc5 dxc5 30. Rxf4 c4+ 31. Kg2 Qd4 32. Rf2 Rb8 33. Nf3 Qe5 34. Nxe5 Rd8 35. Nd7+ Rxd7 36. Bxd7 Bg5 37. Qb2 g6 38. Qh8+ Ke7 39. Qe8+ Kd6 40. e5+ Kxd5 41. e6 Bh4 42. Rd2+ Ke5 43. exf7+ Be7 44. f8Q 1-0

[Event "KR Province-ch"]
[Site "Cutro"]
[Date "2008.12.05"]
[Round "1"]
[White "Olivo, Paolo"]
[Black "Zavaglia, Giuseppe"]
[Result "0-1"]
[WhiteElo "1571"]
[BlackElo "1910"]
[PlyCount "88"]
[EventDate "2008.12.05"]
[EventType "swiss"]
[EventRounds "5"]
[EventCountry "ITA"]
[SourceTitle "EXT 2011"]
[Source "ChessBase"]
[SourceDate "2010.11.26"]
[SourceVersion "1"]
[SourceVersionDate "2010.11.26"]
[SourceQuality "1"]

1. e4 c5 2. Nf3 d6 3. d4 cxd4 4. Nxd4 Nf6 5. Nc3 a6 6. Bg5 e6 7. f4 Qb6 8. Nb3 Be7 9. Qd2 Nc6 10. 0-0-0 0-0 11. Na4 Qc7 12. Bxf6 gxf6 13. g4 b5 14. Nc3 Bb7 15. f5 Rac8 16. Bd3 Ne5 17. Kb1 b4 18. Ne2 Nc4 19. Bxc4 Qxc4 20. Ng3 Bxe4 21. Nxe4 Qxe4 22. Rhe1 Qc4 23. Na5 Qb5 24. Nb3 e5 25. h4 Qc4 26. Qe2 Qxe2 27. Rxe2 Rc4 28. Rg2 h6 29. Rh1 Kh7 30. g5 h5 31. g6+ Kh6 32. Na5 Rg4 33. Rxg4 hxg4 34. Nc6 Bd8 35. Nxb4 fxg6 36. fxg6 Kxg6 37. Kc1 f5 38. Kd2 Ba5 39. a3 f4 40. Ke2 Bxb4 41. axb4 e4 42. c4 Rb8 43. Rf1 Kf5 44. h5 Rxb4 0-1

[Event "Cutro op-B 14th"]
[Site "Cutro"]
[Date "2008.04.28"]
[Round "4"]
[White "Grano, Giuseppe"]
[Black "Olivo, Paolo"]
[Result "1-0"]
[WhiteElo "1733"]
[BlackElo "1616"]
[PlyCount "93"]
[EventDate "2008.04.25"]
[EventType "swiss"]
[EventRounds "7"]
[EventCountry "ITA"]
[SourceTitle "EXT 2009"]
[Source "ChessBase"]
[SourceDate "2008.11.26"]
[SourceVersion "1"]
[SourceVersionDate "2008.11.26"]
[SourceQuality "1"]

1. d4 Nf6 2. Nf3 g6 3. e3 Bg7 4. Bd3 b6 5. Nbd2 Bb7 6. 0-0 d6 7. c3 0-0 8. Re1 e5 9. e4 c6 10. Nc4 exd4 11. cxd4 d5 12. exd5 Nxd5 13. Be3 b5 14. Nce5 Nd7 15. Ng4 Nxe3 16. Rxe3 Nb6 17. Bf1 Nd5 18. Rd3 Bc8 19. Nge5 Qd6 20. Rc1 Bb7 21. a3 h5 22. Qd2 f6 23. Nxg6 Rf7 24. Ngh4 Bc8 25. h3 Bd7 26. Nh2 Nf4 27. Rg3 Kf8 28. Ng6+ Ke8 29. Nxf4 Bh6 30. Re1+ Kd8 31. Ne6+ Bxe6 32. Qxh6 Kc7 33. Qd2 Raf8 34. Qa5+ Kb7 35. a4 a6 36. axb5 cxb5 37. Nf3 Rc8 38. Bd3 Rfc7 39. Be4+ Ka7 40. Ra1 Rc1+ 41. Rxc1 Rxc1+ 42. Kh2 f5 43. Qd2 Rc7 44. Bd3 Bd5 45. Ne5 h4 46. Rg6 Qf8 47. Qa5 1-0

[Event "Crotone Province-ch 07"]
[Site "Cutro"]
[Date "2006.12.09"]
[Round "5"]
[White "Olivo, Paolo"]
[Black "Morelli, Gaetano"]
[Result "0-1"]
[WhiteElo "1589"]
[BlackElo "1849"]
[PlyCount "98"]
[EventDate "2006.12.07"]
[EventType "swiss"]
[EventRounds "7"]
[EventCountry "ITA"]
[SourceTitle "EXT 2024"]
[Source "ChessBase"]
[SourceDate "2023.10.10"]
[SourceVersion "1"]
[SourceVersionDate "2023.10.10"]
[SourceQuality "1"]

1. e4 Nf6 2. e5 Nd5 3. d4 d6 4. c4 Nb6 5. f4 dxe5 6. fxe5 Nc6 7. Nf3 Bg4 8. c5 Nd5 9. Be2 e6 10. 0-0 Be7 11. a3 0-0 12. Qd3 f6 13. Nc3 fxe5 14. Nxd5 Qxd5 15. Nxe5 Bxe2 16. Qxe2 Qxd4+ 17. Be3 Qxe5 18. b4 Bg5 19. Rfe1 Qxe3+ 20. Qxe3 Bxe3+ 21. Rxe3 Rae8 22. Rd1 e5 23. Rd5 Rd8 24. Rxd8 Rxd8 25. b5 Nd4 26. Rxe5 Nxb5 27. c6 bxc6 28. a4 Nc3 29. Ra5 Rf8 30. h3 Ra8 31. Ra6 c5 32. a5 Ne4 33. Rc6 Nd6 34. Rxc5 Nb7 35. Rb5 Nd6 36. Rc5 Rc8 37. a6 c6 38. Kf1 Kf8 39. Ke2 Ke7 40. Kd3 Kd7 41. g4 Kc7 42. Rc1 Kb6 43. Ra1 c5 44. Re1 c4+ 45. Kc3 Nb5+ 46. Kc2 Kxa6 47. Re7 Rc7 48. Re6+ Ka5 49. g5 Nd4+ 0-1

[Event "Crotone Province-ch 07"]
[Site "Cutro"]
[Date "2006.12.07"]
[Round "1"]
[White "Spagnolo, Vincenzo"]
[Black "Olivo, Paolo"]
[Result "0-1"]
[WhiteElo "1365"]
[BlackElo "1589"]
[PlyCount "108"]
[EventDate "2006.12.07"]
[EventType "swiss"]
[EventRounds "7"]
[EventCountry "ITA"]
[SourceTitle "EXT 2024"]
[Source "ChessBase"]
[SourceDate "2023.10.10"]
[SourceVersion "1"]
[SourceVersionDate "2023.10.10"]
[SourceQuality "1"]

1. e4 c5 2. Nf3 d6 3. d4 cxd4 4. Nxd4 Nf6 5. Nc3 a6 6. Bd3 Nc6 7. Nxc6 bxc6 8. 0-0 e5 9. Bg5 Be7 10. Bxf6 Bxf6 11. b4 0-0 12. a4 d5 13. exd5 cxd5 14. Be2 Bb7 15. Qd2 e4 16. Rae1 Rc8 17. Nd1 d4 18. Bg4 Qd5 19. Bh3 Rc4 20. c3 dxc3 21. Qc2 Qd2 22. Ne3 Rxb4 23. Re2 Qxc2 24. Rxc2 Rxa4 25. Nd1 Rc4 26. Re1 Rd8 27. Ree2 Bc6 28. Rc1 c2 29. Ne3 Bb2 30. Rcxc2 Rxc2 31. Rxc2 Bd4 32. Rxc6 a5 33. Nc2 Be5 34. Bg4 f5 35. Be2 Rd2 36. Bc4+ Kf8 37. Bf1 a4 38. Ne3 a3 39. Rc2 a2 40. Rxd2 a1Q 41. Nc2 Qc1 42. Re2 Qf4 43. g3 Qg5 44. f4 Bxf4 45. Bg2 Bd6 46. Ne3 Bc5 47. h4 Bxe3+ 48. Rxe3 Qxe3+ 49. Kh2 f4 50. gxf4 Qxf4+ 51. Kh3 e3 52. Bh1 e2 53. Kg2 e1Q 54. Kh3 Qfg3# 0-1

[Event "Cutro op-B 12th"]
[Site "Cutro"]
[Date "2006.05.01"]
[Round "9"]
[White "Olivo, Paolo"]
[Black "Piccoli, Vincenzo"]
[Result "0-1"]
[WhiteElo "1628"]
[BlackElo "1667"]
[PlyCount "64"]
[EventDate "2006.04.23"]
[EventType "swiss"]
[EventRounds "9"]
[EventCountry "ITA"]
[SourceTitle "EXT 2007"]
[Source "ChessBase"]
[SourceDate "2006.11.23"]
[SourceVersion "1"]
[SourceVersionDate "2006.11.23"]
[SourceQuality "1"]

1. e4 c6 2. d4 d5 3. Nc3 dxe4 4. Nxe4 Bf5 5. Ng3 Bg6 6. h4 h6 7. Nf3 Nd7 8. h5 Bh7 9. Bd3 Bxd3 10. Qxd3 e6 11. Bf4 Ngf6 12. 0-0-0 Qa5 13. Kb1 0-0-0 14. Ne4 Nxh5 15. Bd2 Qf5 16. Nh4 Qh7 17. Ba5 b6 18. Bd2 Nhf6 19. f3 Nxe4 20. fxe4 Kb7 21. Nf3 Be7 22. Bf4 Nc5 23. Qe2 Qxe4 24. Qxe4 Nxe4 25. Rhe1 Nd6 26. Ne5 Bg5 27. Bh2 Rhf8 28. Rd3 Nf5 29. Nf3 Bf6 30. Bg1 Nh4 31. a4 Nxg2 32. b4 Nxe1 0-1